000 00453nam a2200145Ia 4500
008 100122s9999 xx 000 0 und d
082 _b26358
_a823
100 _aमराठे प्र द
245 _aएक नगर बुडाले
260 _bदीप ज्योती प्रकाशन
_c1978
300 _a242
630 _aएक नगर बुडाले
730 _aएक नगर बुडाले
942 _cBOOK
999 _c412853
_d412850